header

The rights of God (Record no. 37014)

MARC details
000 -LEADER
fixed length control field 01524nam a2200385 a 4500
082 04 - DEWEY DECIMAL CLASSIFICATION NUMBER
Classification number 297.2/72
100 1# - MAIN ENTRY--AUTHOR NAME
Personal name Oh, Irene.
245 14 - TITLE STATEMENT
Title The rights of God
260 ## - PUBLICATION, DISTRIBUTION, ETC. (IMPRINT)
Place of publication Washington, D.C. :
Name of publisher Georgetown University Press,
Year of publication 2007.
300 ## - PHYSICAL DESCRIPTION
Number of Pages vii, 158 p.
490 1# - SERIES STATEMENT
Series statement Advancing human rights series
650 #0 - SUBJECT ADDED ENTRY--TOPICAL TERM
Topical Term Islam and civil society.
Topical Term Human rights
Topical Term Islam and humanism.
856 40 - ELECTRONIC LOCATION AND ACCESS
Uniform Resource Identifier http://site.ebrary.com/lib/rucke/Doc?id=10236729

No items available.

© 2026 Rongo University
Contact us: librarian | system librarian | Rongo university